00357nam a2200145Ia 4500008004100000041000800041082001400049100002100063245006000084250000800144260002300152300000900175542001500184650001200199220531s9999 xx 000 0 und d aeng bEAR / KUL aKulkarni, Rupali aEarly India : From Prehistory to The Age of The Mauryas a1ST aPunebNiralic2019 a4.26 d10-10-2019 aHistory